| 000 | 00385nam a2200169Ia 4500 | ||
|---|---|---|---|
| 003 | 0STCL | ||
| 008 | 150530s9999 xx 000 0 und d | ||
| 040 |
_aSTCL _cSTCL |
||
| 100 | _aShyam Sundar Das | ||
| 245 | _aRani kethaki KI Ka | ||
| 260 |
_bNagari Placharini Sabakash _c1955 |
||
| 300 | _a0 | ||
| 546 | _aHindi | ||
| 942 |
_2ddc _cBK |
||
| 999 |
_c64130 _d64130 |
||
| 005 | 20220125171237.0 | ||